[Event "Pfalz-ch MAT2 87th"]
[Site "Landau"]
[Date "2018.03.24"]
[Round "2"]
[White "Bold, Andre"]
[Black "Meyer, Dieter"]
[Result "1/2-1/2"]
[WhiteElo "1954"]
[BlackElo "1919"]
[PlyCount "52"]
[EventDate "2018.03.23"]
[EventType "tourn"]
[EventRounds "9"]
[EventCountry "GER"]
[SourceTitle "EXT 2019"]
[Source "ChessBase"]
[SourceDate "2018.10.10"]
[SourceVersion "1"]
[SourceVersionDate "2018.10.10"]
[SourceQuality "1"]

1. e4 c6 2. d4 d5 3. Nc3 dxe4 4. Nxe4 Nf6 5. Nxf6+ exf6 6. Nf3 Bd6 7. Bd3 0-0 8. Be3 Qa5+ 9. c3 Bf5 10. 0-0 Bxd3 11. Qxd3 Nd7 12. b4 Qc7 13. Rab1 a5 14. b5 c5 15. Rfd1 Rfd8 16. d5 b6 17. c4 Re8 18. g3 Re7 19. Nh4 Ne5 20. Qe2 Qd7 21. Rb3 Rae8 22. Ng2 Qf5 23. Bf4 Ng4 24. Qd3 Qh5 25. h4 Ne5 26. Bxe5 Rxe5 1/2-1/2

[Event "Pfalz-ch MAT2 87th"]
[Site "Landau"]
[Date "2018.03.24"]
[Round "4"]
[White "Meyer, Dieter"]
[Black "Wolfer, Joshua"]
[Result "0-1"]
[WhiteElo "1919"]
[BlackElo "1877"]
[PlyCount "38"]
[EventDate "2018.03.23"]
[EventType "tourn"]
[EventRounds "9"]
[EventCountry "GER"]
[SourceTitle "EXT 2019"]
[Source "ChessBase"]
[SourceDate "2018.10.10"]
[SourceVersion "1"]
[SourceVersionDate "2018.10.10"]
[SourceQuality "1"]

1. c4 Nf6 2. g3 g6 3. Bg2 Bg7 4. Nc3 0-0 5. e3 d6 6. Nge2 Nc6 7. 0-0 e5 8. d3 Nh5 9. Nd5 Ne7 10. Nxe7+ Qxe7 11. Nc3 c6 12. d4 f5 13. f4 Be6 14. d5 Bd7 15. Qb3 Rab8 16. Bd2 exf4 17. exf4 Bd4+ 18. Kh1 Qg7 19. Rae1 Nxg3+ 0-1